| 000 | 00946nas a2200301 4500 | ||
|---|---|---|---|
| 001 | BR0703314 | ||
| 003 | BR-BrBNA | ||
| 005 | 20231205110852.0 | ||
| 007 | ta | ||
| 008 | 230509b bl.|||p| |||| 00| 00por d | ||
| 040 |
_aBR-BrBNA _bpor _cBiblioteca Nacional de Agricultura |
||
| 041 | _a(Pt) | ||
| 072 | _aH10 | ||
| 100 | 1 | _aSouza, S.A. da S. | |
| 100 | 1 | _aSantos, C.M. dos | |
| 100 | 1 | _aResende, A.L.S. | |
| 100 | 1 | _aMenezes, E.B. | |
| 100 | 1 | _aAguiar-Menezes, E. de L. | |
| 245 | 1 | _aÍndices de infestação de Spondias lutea L. por moscas-das-frutas (Diptera: Tephritidae)e seus parasitóides no município de Seropédica, RJ | |
| 650 | _aCAJA | ||
| 650 | _aMOSCA DAS FRUTAS | ||
| 650 | _aINFESTAÇÃO | ||
| 650 | _aPARASITÓIDE | ||
| 650 | _aRIO DE JANEIRO | ||
| 773 | 0 |
_tMagistra (Brazil) _xISSN 0102-5333 _g(Jan-Mar 2007), v. 19(1) p. 25-30 _wBR0703314 |
|
| 909 |
_a202311 _bLúcia _c55 _dLúcia Elande |
||
| 942 |
_2AGRIS _n0 _cANA |
||
| 999 |
_c189506 _d189506 |
||